| 000 | 00564nam a22001817a 4500 | ||
|---|---|---|---|
| 005 | 20240206151949.0 | ||
| 010 | _aENG-139135 | ||
| 020 |
_c150.00 _a9789388556064 |
||
| 035 | _aEN-122667 | ||
| 037 | _bDBAD/PUB | ||
| 082 | _a954.11 | ||
| 100 |
_aBHASIN,SANJEEV KUMAR _961780 |
||
| 245 |
_aAMAZING LAND LADAKH: _bPLACES,PEOPLE,AND CULTURE/ _cBY SANJEEV KUMAR BHASIN |
||
| 260 |
_aUTTAR PRADES _bAMJUMAN PRAKASHAN _c2019 |
||
| 270 |
_bPRAYAGRAJ _a942,Mutthiganj, prayagraj _e211003 |
||
| 300 |
_a204p. _c21cm(pb) |
||
| 942 |
_2ddc _cEN _mBHA _h954.11 |
||
| 999 |
_c200571 _d200571 |
||